003440000a2200085000450024501250000004100140012570000250013910000290016477300650019310aCenso preliminar de primates en la reserva forestal protectora Serranía de Coraza - Montes de María, Sucre, Colombia0 aEspañol1 aDe la Ossa V., Jaime1 aFajardo Patiño, Alirio1 tTrianeakActa Científica y Tecnológicah5q289-303d1994